Management information systems (Record no. 4921)
[ view plain ]
| 000 -LEADER | |
|---|---|
| fixed length control field | 00605nam a2200193Ia 4500 |
| 003 - CONTROL NUMBER IDENTIFIER | |
| control field | SGT |
| 020 ## - INTERNATIONAL STANDARD BOOK NUMBER | |
| International Standard Book Number | 9780070144941 |
| 082 ## - DEWEY DECIMAL CLASSIFICATION NUMBER | |
| Classification number | 658.4038011 BRI |
| 100 ## - MAIN ENTRY--PERSONAL NAME | |
| Personal name | O'Brien,James A |
| 245 ## - TITLE STATEMENT | |
| Title | Management information systems |
| 250 ## - EDITION STATEMENT | |
| Edition statement | 9th Ed. |
| 260 ## - PUBLICATION, DISTRIBUTION, ETC. (IMPRINT) | |
| Name of publisher, distributor, etc | Tata McGraw Hill Education Private Limited |
| Place of publication, distribution, etc | New Delhi |
| Year of Publication | 2010 |
| 300 ## - PAGE DESCRIPTION | |
| No. of Pages | 831p. |
| 650 ## - SUBJECT ADDED ENTRY--TOPICAL TERM | |
| Topical term or geographic name as entry element | SYSTEMS MANAGEMENT |
| 653 ## - KEYWORDS--INDEX TERM | |
| Keyword term | FUNDAMENTALS OF INFORMATION SYSTEMS IN BUSINESS, COMPETING WITH INFORMATION TECHNOLOGY, COMPUTER SOFTWARE, DATA RESOURCE MANAGEMENT |
| 700 ## - ADDED ENTRY--PERSONAL NAME | |
| Personal name | Behl,Ramesh |
| 700 ## - ADDED ENTRY--PERSONAL NAME | |
| Personal name | Marakas,George M |
| 942 ## - ADDED ENTRY ELEMENTS (KOHA) | |
| Source of classification or shelving scheme | Dewey Decimal Classification |
| Koha item type | Books |
| 942 ## - ADDED ENTRY ELEMENTS (KOHA) | |
| -- | 7 |
| Withdrawn status | Lost status | Source of classification or shelving scheme | Damaged status | Not for loan | Home library | Current library | Date acquired | SGTU | Total Checkouts | Full call number | Accession No. (Barcode) | Date last seen | Bill Date | Koha item type | Date last borrowed |
|---|---|---|---|---|---|---|---|---|---|---|---|---|---|---|---|
| Dewey Decimal Classification | SGT Engineering Library | SGT Engineering Library | 28/04/2010 | SGTU | 658.4038011 BRI | FE970 | 29/12/2023 | 09/02/2015 | Books | ||||||
| Dewey Decimal Classification | SGT Engineering Library | SGT Engineering Library | 28/04/2010 | SGTU | 3 | 658.4038011 BRI | FE971 | 03/06/2024 | 09/02/2015 | Books | 03/06/2024 | ||||
| Dewey Decimal Classification | SGT Engineering Library | SGT Engineering Library | 28/04/2010 | SGTU | 4 | 658.4038011 BRI | FE972 | 29/02/2024 | 09/02/2015 | Books | 29/02/2024 | ||||
| Dewey Decimal Classification | SGT Engineering Library | SGT Engineering Library | 28/04/2010 | SGTU | 658.4038011 BRI | FE973 | 09/02/2015 | 09/02/2015 | Books | ||||||
| Dewey Decimal Classification | SGT Engineering Library | SGT Engineering Library | 06/09/2012 | SGTU | 658.4038011 BRI | FE5618 | 09/02/2015 | 09/02/2015 | Books | ||||||
| Dewey Decimal Classification | SGT Engineering Library | SGT Engineering Library | 06/09/2012 | SGTU | 658.4038011 BRI | FE5619 | 09/02/2015 | 09/02/2015 | Books |